| 000 | 00956nam0a22002531 4500 | ||
|---|---|---|---|
| 001 | rc\3044089 | ||
| 005 | 20250806202102.0 | ||
| 035 | _a(NLR Aleph) 007183942 | ||
| 090 |
_a42725 _c42725 |
||
| 100 | _a20111007d1941 u y0rusy50 ca | ||
| 101 | 0 | _arus | |
| 102 | _aRU | ||
| 105 | _ay z ||||| | ||
| 200 | 1 | _aМатериалы ко второй Всесоюзной научно-технической конференции по комбинированным съемкам | |
| 210 |
_a[Москва] _cГоскиноиздат _d1941 |
||
| 215 |
_a8 с. _d19 см |
||
| 710 | 1 | 2 |
_aВсесоюзная научно-техническая конференция по комбинированным съемкам _d2 _eМосква _f1941 |
| 801 | 0 |
_aRU _bNLR _gpsbo |
|
| 801 | 1 |
_aRU _bELAR _2rusmarc |
|
| 852 |
_aNLR _j58-4/14717 |
||
| 942 | _cBOOK | ||
| 945 | _aРоссийская национальная библиотека | ||
| 980 | _aNB | ||
| 980 | _aBV | ||